Most Common First Letters Of Countries - Whammies - Statistics

General Stats
  • This quiz has been taken 47 times
  • The average score is 5 of 8
Answer Stats
# of Countries Letter % Correct
11 A
86%
17 B
81%
15 C
73%
26 S
70%
17 M
62%
11 N
59%
11 T
51%
11 G
46%
No matching quizzes found
Score Distribution
Percent of People with Each Score
Percentile by Number Answered
Your Score History
You have not taken this quiz